UBT Library

A scanning electron microscope study of green plants / (Record no. 43371)

000 -LEADER
fixed length control field 00629cam a2200217 i 4500
001 - CONTROL NUMBER
control field 4108446
005 - DATE AND TIME OF LATEST TRANSACTION
control field 20180224070531.0
008 - FIXED-LENGTH DATA ELEMENTS--GENERAL INFORMATION
fixed length control field 751006s1976 moua b 001 0 eng
010 ## - LIBRARY OF CONGRESS CONTROL NUMBER
LC control number 75033863
020 ## - INTERNATIONAL STANDARD BOOK NUMBER
International Standard Book Number 0801630339
040 ## - CATALOGING SOURCE
Original cataloging agency DLC
Transcribing agency DLC
Modifying agency DLC
-- OCoLC
-- DLC
041 ## - LANGUAGE CODE
Language code of text/sound track or separate title eng
080 ## - UNIVERSAL DECIMAL CLASSIFICATION NUMBER
Universal Decimal Classification number 581.824
082 00 - DEWEY DECIMAL CLASSIFICATION NUMBER
Classification number 581.824 LOT
100 1# - Rafti
Rafti 9
101 ## - Shkurtesa
Shkurtesa MJE
245 12 - TITLE STATEMENT
Title A scanning electron microscope study of green plants /
Statement of responsibility, etc John N. A. Lott ; with the technical assistance of James J. Darley.
504 ## - BIBLIOGRAPHY, ETC. NOTE
Bibliography, etc Bibliography: p. 164-165.
906 ## - LOCAL DATA ELEMENT F, LDF (RLIN)
a 7
b cbc
c orignew
d 1
e ocip
f 19
g y-gencatlg
942 ## - ADDED ENTRY ELEMENTS (KOHA)
Source of classification or shelving scheme
Item type Books
Holdings
Withdrawn status Lost status Source of classification or shelving scheme Damaged status Not for loan Collection code Permanent location Current location Shelving location Date acquired Total Checkouts Full call number Barcode Date last seen Price effective from Koha item type
          Koleksioni i përgjithshem UBT - Lipjan UBT - Lipjan Koleksioni i përgjithshem 02/24/2018   581.824 LOT 002-2999996 02/24/2018 02/24/2018 Books
UBT Library © 2015-2024. All rights reserved University Education for Business and Technology